000 00987nam a2200433Ia 4500
001 121926
003 212289
005 20250527062540.0
008 ||||||n9999 ||| || ||
082 _a425
100 _aCoe, Norman
_9146169
245 0 _aOxford practice grammar basic
_bwith answers
_cNorman Coe, Mark Harrison y Ken Paterson
562 _e2
650 0 _aInglés
_913858
650 _aINGLÉS--ENSEÑANZA
_913859
650 _aINGLES--GRAMATICA
_9146170
650 _aINGLES--VOCABULARIO
_9146171
650 _aTEST Y RESPUESTAS
_9122148
942 _cBKM
999 _c121926
_d121926
526 _a102617
526 _a102618
526 _a15794
526 _a102620
526 _a10406
526 _a105630
526 _a1698
526 _a116204
526 _a4969
526 _a19790
526 _a104436
526 _a5144
526 _a51868
526 _a3899
526 _a9683
526 _a
526 _a1703
526 _a1697
526 _a17598